| 000 | 00536nam a2200181Ia 4500 | ||
|---|---|---|---|
| 008 | 240729s9999 xx 000 0 und d | ||
| 022 | _a2667-1417 | ||
| 245 | 0 | _aeScience | |
| 260 | _aChina | ||
| 260 | _bKeAi Communications Co. Ltd. | ||
| 650 | _a Electrical engineering. Electronics. Nuclear engineering | ||
| 650 | _a Electronics | ||
| 650 | _a Mechanical engineering and machinery | Technology | ||
| 650 | _aTechnology | ||
| 856 | _uhttps://doaj.org/toc/9bb9ec63fcde4a168d970ca457c94633 | ||
| 942 | _2ddc | ||
| 942 | _cDOAJEJ | ||
| 999 |
_c72165 _d72165 |
||
| 945 |
_a1 _bMadushi Gamage _c1 _dMadushi Gamage |
||